| 000 | 00665nam a2200241 a 4500 | ||
|---|---|---|---|
| 008 | |||
| 020 | _a0618004971 (pbk.) | ||
| 049 | _aMAIN | ||
| 090 | _aPE1115 | ||
| 100 | 1 | _aOber, Scott. | |
| 245 | 1 | 0 |
_aContemporary business English / _cScott Ober. |
| 260 |
_aBoston, MA : _bHoughton Mifflin Co. , _c2005. |
||
| 300 |
_axv, 410 p. : _bill. ; _c28 cm. |
||
| 500 | _aIncludes index. | ||
| 650 | _aEnglish Language. | ||
| 650 | _aEnglish Language. | ||
| 650 | _aBusiness English. | ||
| 907 |
_a.b10161806 _b16-01-06 _c25-04-05 |
||
| 003 | |||
| 005 | 20230123134005.0 | ||
| 040 | _cNUST | ||
| 942 |
_cBOOKS _kPE1115 |
||
| 999 |
_c158120 _d158120 |
||